[Event "72. C.to Provinciale RC"]
[Site "Reggio di calabria ITA"]
[Date "2012.05.06"]
[Round "5"]
[White "Falcomata', Gesualdo"]
[Black "Quattrone, Andrea"]
[Result "0-1"]
[WhiteElo "2065"]
[BlackElo "1795"]
[Annotator "Gabriele Ballarin"]
[PlyCount "76"]
[EventDate "2012.05.04"]
[EventType "swiss"]
[EventCountry "ITA"]

1. c4 Nf6 2. Nc3 e5 3. g3 d5 4. cxd5 Nxd5 5. Bg2 Be6 6. Nf3 Nc6 7. d3 f6 8. O-O Qd7 9. a3 g5 10. e4 Nxc3 11. bxc3 O-O-O 12. Ne1 Bc5 13. Be3 Bb6 14. Bxb6 axb6 15. Bf3 Bh3 16. Be2 Kb8 17. Ng2 h5 18. Re1 h4 19. Ne3 hxg3 20. fxg3 Be6 21. Rf1 Rhf8 22. g4 Ne7 23. a4 Ng6 24. Ng2 c5 25. Rf2 Qh7 26. Bf1 Rh8 27. Ne3 Nf4 28. Nf5 Qd7 29. Rd2 Qc6 30. Ne7 Qd7 31. Nf5 Bxf5 32. gxf5 Rh7 33. Rb1 Qc6 34. Rdb2 Nxd3 35. Bxd3 c4 36. Rxb6 Qc5+ 37. Kh1 Rxh2+ 38. Kxh2 Qf2+ 0-1

[Event "72. C.to Provinciale RC"]
[Site "Reggio di calabria ITA"]
[Date "2012.05.06"]
[Round "5"]
[White "Familari, Simone"]
[Black "Cordi', Domenico"]
[Result "0-1"]
[WhiteElo "1455"]
[BlackElo "2075"]
[Annotator "Gabriele Ballarin"]
[PlyCount "56"]
[EventDate "2012.05.04"]
[EventType "swiss"]
[EventCountry "ITA"]

1. e4 c5 2. Nc3 Nc6 3. Nf3 g6 4. Bc4 Bg7 5. Ng5 e6 6. d3 Nge7 7. Nf3 O-O 8. Bf4 d5 9. exd5 Nxd5 10. Nxd5 exd5 11. Bb5 Re8+ 12. Be3 d4 13. Bxc6 bxc6 14. O-O dxe3 15. fxe3 Rxe3 16. Re1 Rxe1+ 17. Qxe1 Bxb2 18. Rb1 Bd4+ 19. Nxd4 Qxd4+ 20. Kh1 Be6 21. Qf1 c4 22. dxc4 Bxc4 23. Qf3 Bd5 24. Qf1 Re8 25. a3 Qc4 26. h3 Qxc2 27. Re1 Rxe1 28. Qxe1 Qxg2# 0-1

[Event "72. C.to Provinciale RC"]
[Site "Reggio di calabria ITA"]
[Date "2012.05.06"]
[Round "5"]
[White "Ferro, Ferruccio"]
[Black "Ambalagi, Salvatore"]
[Result "1-0"]
[WhiteElo "1708"]
[BlackElo "1374"]
[Annotator "Gabriele Ballarin"]
[PlyCount "55"]
[EventDate "2012.05.04"]
[EventType "swiss"]
[EventCountry "ITA"]

1. b3 e5 2. Bb2 Nc6 3. c4 Bc5 4. e3 Bb6 5. Nc3 Nf6 6. Bd3 d6 7. a3 O-O 8. Qc2 Re8 9. Ne4 Nxe4 10. Bxe4 g6 11. Nf3 Qf6 12. O-O-O Ne7 13. h3 Bf5 14. g4 Bxe4 15. Qxe4 c6 16. d4 d5 17. dxe5 dxe4 18. exf6 exf3 19. fxe7 Rxe7 20. Rd3 Rae8 21. Bf6 Re6 22. g5 Bxe3+ 23. Rxe3 Rxe3 24. fxe3 Rxe3 25. Kc2 f2 26. Rf1 Re1 27. Rxf2 Ra1 28. Bxa1 1-0

[Event "72. C.to Provinciale RC"]
[Site "Reggio di calabria ITA"]
[Date "2012.05.06"]
[Round "5"]
[White "Forlano, Luigi"]
[Black "Vazzana, Antonio"]
[Result "1-0"]
[WhiteElo "1956"]
[BlackElo "1712"]
[Annotator "Gabriele Ballarin"]
[PlyCount "83"]
[EventDate "2012.05.04"]
[EventType "swiss"]
[EventCountry "ITA"]

1. e4 c5 2. Nc3 Nc6 3. f4 d6 4. Nf3 Nf6 5. Bb5 a6 6. Bxc6+ bxc6 7. d3 g6 8. O-O Bg7 9. Qe1 O-O 10. f5 Qb6 11. Qh4 e6 12. fxg6 fxg6 13. Rb1 Nh5 14. Bg5 Ra7 15. e5 c4+ 16. Kh1 cxd3 17. cxd3 dxe5 18. Ne4 Rd7 19. g4 Nf4 20. Bf6 h6 21. Bxg7 Kxg7 22. Nxe5 Ra7 23. g5 hxg5 24. Nxg5 Qd4 25. Nef3 Qb6 26. Qh7+ Kf6 27. Ne4+ Kf5 28. Qh4 e5 29. Qg5+ Ke6 30. Qxe5+ Kf7 31. Nfg5+ Kg8 32. Rxf4 Rxf4 33. Qxf4 Bf5 34. Nf6+ Kg7 35. Qe5 Kh6 36. h4 c5 37. Rg1 Qb7+ 38. Nge4 Qc8 39. Qf4+ Kg7 40. Ne8+ Qxe8 41. Qxf5 Re7 42. h5 1-0

[Event "72. C.to Provinciale RC"]
[Site "Reggio di calabria ITA"]
[Date "2012.05.06"]
[Round "5"]
[White "Tricomi, Massimo"]
[Black "Pallonetto, Cristofaro"]
[Result "1/2-1/2"]
[WhiteElo "1850"]
[BlackElo "1494"]
[Annotator "Gabriele Ballarin"]
[PlyCount "83"]
[EventDate "2012.05.04"]
[EventType "swiss"]
[EventCountry "ITA"]

1. b3 d5 2. Bb2 Nc6 3. e3 e6 4. f4 Nf6 5. Nf3 Be7 6. Bb5 Bd7 7. O-O a6 8. Bxc6 Bxc6 9. d3 O-O 10. Nbd2 Nd7 11. Ne5 Nxe5 12. Bxe5 Bf6 13. Nf3 Bxe5 14. Nxe5 Be8 15. Rf3 f6 16. Ng4 Bh5 17. Rg3 Bxg4 18. Qxg4 Qe7 19. Re1 f5 20. Qh5 g6 21. Qh6 Qg7 22. Qxg7+ Kxg7 23. Rf3 c6 24. e4 Rae8 25. g3 d4 26. Rf2 c5 27. Rfe2 Kf7 28. Kf2 Kf6 29. a4 a5 30. exf5 gxf5 31. Kf3 h5 32. Re5 b6 33. h3 Rg8 34. Rh1 Re7 35. Rhe1 Rgg7 36. Rg1 Rg8 37. g4 hxg4+ 38. hxg4 fxg4+ 39. Rxg4 Rxg4 40. Kxg4 Rg7+ 41. Rg5 Rxg5+ 42. fxg5+ 1/2-1/2

[Event "72. C.to Provinciale RC"]
[Site "Reggio di calabria ITA"]
[Date "2012.05.06"]
[Round "5"]
[White "Vallone, Rosario"]
[Black "Zampaglione, Davide"]
[Result "1-0"]
[WhiteElo "1557"]
[BlackElo "1668"]
[Annotator "Gabriele Ballarin"]
[PlyCount "37"]
[EventDate "2012.05.04"]
[EventType "swiss"]
[EventCountry "ITA"]

1. e4 d6 2. Nc3 Nd7 3. d4 e5 4. Be3 c6 5. Qd2 Ngf6 6. h3 Be7 7. Bc4 Qc7 8. Nge2 a5 9. a4 Nf8 10. f4 Ne6 11. f5 Nxd4 12. Nxd4 exd4 13. Bxd4 O-O 14. g4 Nxe4 15. Nxe4 d5 16. O-O-O dxe4 17. f6 Bd6 18. Rdf1 Be5 19. Qg5 1-0

[Event "72. C.to Provinciale RC"]
[Site "Reggio di calabria ITA"]
[Date "2012.05.06"]
[Round "5"]
[White "Ziparo, Francesco"]
[Black "Luca', Alessandro"]
[Result "1-0"]
[WhiteElo "1626"]
[BlackElo "1847"]
[Annotator "Gabriele Ballarin"]
[PlyCount "79"]
[EventDate "2012.05.04"]
[EventType "swiss"]
[EventCountry "ITA"]

1. c4 e5 2. Nc3 f5 3. e4 d6 4. Nf3 Nf6 5. exf5 Bxf5 6. d4 e4 7. Nd2 Nc6 8. b3 Be7 9. d5 Ne5 10. Be2 Nd3+ 11. Bxd3 exd3 12. O-O O-O 13. Nf3 Ne4 14. Nxe4 Bxe4 15. Nd4 Qd7 16. Ne6 Rf7 17. Bb2 Bf6 18. Bxf6 Rxf6 19. Re1 Bg6 20. Qd2 Qf7 21. Re3 h6 22. Rae1 c6 23. dxc6 bxc6 24. f3 a5 25. Nd4 d5 26. Re7 Qf8 27. Rc7 a4 28. Ne6 Rxe6 29. Rxe6 Bf5 30. Rexc6 axb3 31. axb3 Ra1+ 32. Kf2 Qa8 33. Rxg7+ Kxg7 34. Qxh6+ Kf7 35. Rf6+ Kg8 36. Qg5+ Kh8 37. Qxf5 Qa7+ 38. Kg3 Qc7+ 39. Kg4 Qg7+ 40. Rg6 1-0

[Event "72.Campionato Italiano"]
[Site "Torino ITA"]
[Date "2012.10.30"]
[Round "1"]
[White "Bellini, Fabio"]
[Black "Dvirnyy, Danyyil"]
[Result "1/2-1/2"]
[WhiteElo "2492"]
[BlackElo "2522"]
[Annotator "Gabriele Ballarin"]
[PlyCount "82"]
[EventDate "2012.10.30"]
[EventType "tourn"]
[EventRounds "11"]
[EventCountry "ITA"]
[EventCategory "9"]

1. e4 e6 2. d4 d5 3. Nc3 Bb4 4. exd5 exd5 5. Bd3 c6 6. Nge2 Ne7 7. O-O Bf5 8. Ng3 Bxd3 9. Qxd3 O-O 10. Bg5 Qd7 11. Rae1 Na6 12. a3 Bd6 13. Nh5 f6 14. Bf4 Bxf4 15. Nxf4 Nc7 16. Re2 Rae8 17. Rfe1 Nc8 18. Nb1 Nd6 19. Nd2 Rxe2 20. Rxe2 Re8 21. f3 Rxe2 22. Qxe2 Qf5 23. Nd3 Kf7 24. Nf1 Ne6 25. c3 h5 26. Ne3 Qg6 27. g3 h4 28. Ng4 Qf5 29. Kg2 Qh7 30. Ngf2 hxg3 31. hxg3 Nf5 32. Nh3 Nd6 33. Ndf4 Nxf4+ 34. Nxf4 Qf5 35. Nd3 Qe6 36. Qxe6+ Kxe6 37. Nc5+ Ke7 38. a4 b6 39. Nd3 Nc4 40. Kf2 Kd6 41. Ke2 Na5 1/2-1/2

[Event "72.Campionato Italiano"]
[Site "Torino ITA"]
[Date "2012.10.30"]
[Round "1"]
[White "Caprio, Guido"]
[Black "Brunello, Sabino"]
[Result "1-0"]
[WhiteElo "2392"]
[BlackElo "2591"]
[Annotator "Gabriele Ballarin"]
[PlyCount "55"]
[EventDate "2012.10.30"]
[EventType "tourn"]
[EventRounds "11"]
[EventCountry "ITA"]
[EventCategory "9"]

1. d4 Nf6 2. c4 e6 3. Nc3 Bb4 4. e3 c5 5. Nge2 cxd4 6. exd4 O-O 7. a3 Be7 8. Nf4 d5 9. cxd5 Nxd5 10. Ncxd5 exd5 11. Bd3 g6 12. O-O Nc6 13. Be3 Bf6 14. Rc1 Qd6 15. Rc5 Be6 16. Nxe6 fxe6 17. Qg4 Bg7 18. Rfc1 Rad8 19. h4 Nxd4 20. h5 Nf5 21. Bf4 e5 22. Bg5 Ne7 23. hxg6 e4 24. Rc7 Qxg6 25. Be2 Qf7 26. Rxe7 Qxf2+ 27. Kh1 Rd6 28. Rcc7 1-0

[Event "72.Campionato Italiano"]
[Site "Torino ITA"]
[Date "2012.10.31"]
[Round "2"]
[White "David, Alberto"]
[Black "Genocchio, Daniele"]
[Result "1-0"]
[WhiteElo "2599"]
[BlackElo "2440"]
[Annotator "AR/Rybka"]
[PlyCount "47"]
[EventDate "2012.10.30"]
[EventType "tourn"]
[EventRounds "11"]
[EventCountry "ITA"]
[EventCategory "9"]

1. e4 c5 2. Nf3 e6 3. d3 Nc6 4. g3 g6 5. Bg5 Qb6 6. Nbd2 Qxb2 7. Nc4 Qc3+ (7... Qg7 8. Rb1 Nf6 (8... Nb4) 9. Nfd2) 8. Bd2 Qg7 9. Bg2 f6 (9... Be7 $142) 10. O-O Nh6 11. c3 Be7 $6 (11... b5 $5 12. Ne3 g5 13. h3 g4 14. hxg4 Nxg4 15. Nxg4 Qxg4 16. d4 Rb8 17. a4 $11) 12. d4 Nf7 13. Qa4 Rb8 (13... O-O 14. d5 Nce5 15. Nfxe5 Nxe5 16. Nb6 axb6 17. Qxa8 exd5 18. exd5 d6 19. Rab1 $14) 14. Rab1 a6 15. Nb6 O-O $6 (15... cxd4 16. cxd4 O-O 17. d5 Nce5 18. Rfc1 exd5 19. exd5 Nxf3+ 20. Bxf3 Ne5 21. Be2 $16) 16. d5 exd5 17. exd5 Nce5 18. Nxe5 Nxe5 19. f4 Nf7 20. Rfe1 (20. Nxd7 $2 b5 21. Qe4 Nd6 22. Qe6+ Rf7 23. Nxb8 Bxe6 24. dxe6 Rf8 25. Nxa6 f5 $11) 20... Nd6 21. f5 $3 Nxf5 22. Bf4 d6 23. Qe4 h5 (23... Rf7 24. Nxc8 Rxc8 25. Rxb7 Bf8 26. Qe6 Rd8 27. Bh3 a5 28. Bxf5 gxf5 29. Bh6 Qg6 30. Bxf8 Kxf8 31. Rb8 Rxb8 32. Qxd6+) 24. Bh3 (24. Bh3 Re8 (24... Bd8 25. Nxc8 Rxc8 26. Qe6+ {e 27. Dxc8}) (24... Nxg3 25. Qxe7 Qxe7 26. Rxe7 Bxh3 27. hxg3) 25. Nxc8 Rbxc8 26. Bxf5 gxf5 27. Qe6+ Qf7 28. Rxb7) 1-0

[Event "72.Campionato Italiano"]
[Site "Torino ITA"]
[Date "2012.11.03"]
[Round "5"]
[White "De Filomeno, Simone"]
[Black "David, Alberto"]
[Result "0-1"]
[WhiteElo "2365"]
[BlackElo "2599"]
[Annotator "Antonio Rosino"]
[PlyCount "86"]
[EventDate "2012.10.30"]
[EventType "tourn"]
[EventRounds "11"]
[EventCountry "ITA"]
[EventCategory "9"]

1. e4 c5 2. Nf3 e6 3. d4 cxd4 4. Nxd4 Nf6 5. Nc3 d6 6. Be2 Be7 7. O-O Nc6 (7... O-O 8. f4 Nc6 9. Be3 e5 10. Nb3 exf4 11. Bxf4 Be6 12. Kh1 d5 13. e5 Nd7 14. Nxd5 Ndxe5 15. c4 Bg5 16. Bg3 Bh4 17. Bf4 Bg5 18. Bg3 Bh4 $11 {Kamsky-Anand, Tematico, Buenos Aires 1994}) 8. Kh1 O-O 9. f4 a6 10. Bf3 Qc7 11. Be3 Re8 12. g4 (12. a4 Bd7 13. Nb3 b6 14. g4 Bc8 15. g5 Nd7 16. Bg2 Bb7 17. Qh5 Nb4 18. Rf2 g6 19. Qh3 Bf8 20. Raf1 Bg7 21. Bd4 e5 22. fxe5 Nxe5 23. Bxe5 Rxe5 24. Rxf7 Re7 25. Rxe7 Qxe7 26. Qe3 Re8 27. Qxb6 Bxc3 28. bxc3 Bxe4 29. Qxb4 Bxg2+ 30. Kxg2 Qxg5+ {patta: Anand-Kasparov, Francoforte 2000}) 12... Nxd4 13. Bxd4 Nd7 14. g5 Bf8 $6 (14... b5 $5 15. a3 Bb7 16. Qd2 Rac8 17. Rae1 Nb6 18. Qc1 e5 19. Bxb6 Qxb6 20. f5 $11) 15. Bg2 b5 16. a3 Bb7 17. Rf3 g6 18. Rh3 e5 19. fxe5 dxe5 20. Bg1 Bg7 (20... Nb6 21. Bxb6 Qxb6 22. Nd5 Bxd5 23. exd5 Rac8 24. Be4 Be7 25. Qg4 Qf2 $11) 21. Qg4 Nf8 22. Qh4 Rad8 23. Rf1 Rd2 24. b4 (24. Rc1) 24... Qc4 25. Bc5 $2 (25. Rf2 Rxf2 26. Qxf2 Ne6 27. Qh4 Kf8 28. Rf3 Qc7 29. Rg3 Qc4 30. Qxh7 Rc8 $11) 25... Rxc2 26. Nd1 Rxg2 $1 27. Kxg2 Qxe4+ 28. Qxe4 Bxe4+ 29. Kf2 Ne6 30. Be3 $6 (30. Rg3 $5 Bb7 31. Ne3 Nxc5 32. bxc5 Bf8 33. Rc1 Rc8 34. Ng4 Bxc5+ 35. Ke2 Bd4 $17) 30... Nf4 31. Rg3 Rc8 32. Bd2 Bd3 33. Re1 $6 (33. Rfg1 $5 Rd8 34. Bc3 f5 35. gxf6 Bxf6 36. Nb2 Bf5 37. Rd1 Nd5 38. Kg1 Kf7 $17) 33... Rc2 34. Ke3 e4 $6 (34... Bc4 $5 35. Nc3 f5 36. gxf6 Bh6 37. Ne4 Ne6+ 38. Kf2 Bxd2 39. Nxd2 Rxd2+ 40. Ke3 $19) 35. Kxf4 Rxd2 36. Ne3 $6 (36. Ke3 $5 Ra2 37. Nf2 Be5 38. Rg4 Bc4 39. Nxe4 Rxa3+ 40. Kf2 h5 41. gxh6 f5 $17) 36... Rf2+ 37. Kg4 Bc3 38. Rc1 Be5 39. Rc8+ Kg7 40. Nd5 Be2+ 41. Kh3 (41. Kh4 Bf1 42. Re3 Rxh2+ 43. Kg4 Be2+ 44. Rxe2 Rxe2 $19) 41... Bf1+ 42. Kg4 h5+ 43. gxh6+ Kxh6 (43... Kxh6 44. h3 f5+ 45. Kh4 Rf3 46. Rxf3 g5#) 0-1

[Event "72.Campionato Italiano"]
[Site "Torino ITA"]
[Date "2012.11.04"]
[Round "6"]
[White "Bellini, Fabio"]
[Black "Rombaldoni, Axel"]
[Result "0-1"]
[WhiteElo "2492"]
[BlackElo "2458"]
[Annotator "Gabriele Ballarin"]
[PlyCount "88"]
[EventDate "2012.10.30"]
[EventType "tourn"]
[EventRounds "11"]
[EventCountry "ITA"]
[EventCategory "9"]

1. e4 e6 2. d4 d5 3. Nc3 Nf6 4. Bg5 Bb4 5. exd5 exd5 6. Bd3 h6 7. Bh4 O-O 8. Nge2 c6 9. a3 Bd6 10. Qd2 Re8 11. O-O-O b5 12. g4 a5 13. g5 Nh5 14. Bg3 Nxg3 15. hxg3 Qxg5 16. Qxg5 hxg5 17. Rh5 g6 18. Rxg5 Be7 19. Re5 Nd7 20. Re3 Bg5 21. Nf4 Rxe3 22. fxe3 Nf6 23. Kd2 Bg4 24. Rh1 Kg7 25. a4 b4 26. Nd1 Bxd1 27. Rxd1 Rh8 28. Re1 Kf8 29. Ke2 Rh2+ 30. Kf3 Ke7 31. Re2 Rh1 32. b3 Bh6 33. Kg2 Rc1 34. Nh3 Ne4 35. Bxe4 dxe4 36. g4 f5 37. gxf5 gxf5 38. Nf2 Kf6 39. Nh3 Ke6 40. Nf2 Kd5 41. Nh1 Bxe3 42. Rxe3 f4 43. Rh3 Rxc2+ 44. Kg1 e3 0-1

[Event "73. C.to Provinciale VR"]
[Site "Zevio ITA"]
[Date "2013.01.20"]
[Round "5.8"]
[White "Zanchetta, Nicola"]
[Black "Bartiromo, Gerardo"]
[Result "1/2-1/2"]
[WhiteElo "1893"]
[BlackElo "1621"]
[Annotator "Gabriele Ballarin"]
[PlyCount "126"]
[EventDate "2013.01.12"]
[EventType "swiss"]
[EventRounds "6"]
[EventCountry "ITA"]

1. e4 d6 2. d4 Nf6 3. Nc3 c6 4. Be2 Nbd7 5. g4 h6 6. f4 Qa5 7. Qd3 e5 8. g5 exd4 9. Qxd4 hxg5 10. fxg5 Nh5 11. Bxh5 Rxh5 12. Bf4 Ne5 13. O-O-O Bg4 14. Nge2 O-O-O 15. Kb1 Qb6 16. Bxe5 dxe5 17. Qxe5 Qc7 18. Rxd8+ Qxd8 19. Rd1 Qe7 20. Qa5 b6 21. Qa6+ Kb8 22. Nd4 Bd7 23. Qc4 Kb7 24. Nf3 Be6 25. Qf1 Qc5 26. h4 g6 27. Nd4 Qe5 28. Nxe6 Qxe6 29. Qf4 Be7 30. Rf1 Rh7 31. e5 Bd8 32. a3 Bc7 33. Re1 b5 34. a4 a6 35. axb5 axb5 36. Qe4 Qc4 37. Qxc4 bxc4 38. Re4 Kb6 39. Kc1 Kc5 40. Kd2 Rh8 41. Ke3 Re8 42. Kf4 Re6 43. Nd1 f5 44. gxf6 (44. Ne3 Rxe5 45. Rxe5+ Bxe5+ 46. Kf3) 44... Rxf6+ 45. Kg5 Re6 46. Ne3 Rxe5+ 47. Rxe5+ Bxe5 48. Kxg6 Bxb2 49. Kf5 Kd4 50. Nd1 Bc1 51. h5 c5 52. Ke6 Bh6 53. Kd6 Bf4+ 54. Kc6 c3 55. Kd7 Bd2 56. Ke6 Ke4 57. Nf2+ Kf3 58. Nd3 Be3 59. Kd5 Ke2 60. Nxc5 Kd2 61. Ne4+ Kxc2 62. Ke5 Kb2 63. Nxc3 Kxc3 1/2-1/2

[Event "73. C.to Provinciale VE"]
[Site "Venezia Campalto ITA"]
[Date "2013.01.25"]
[Round "1.1"]
[White "Ballarin, Pietro"]
[Black "Ballarin, Gabriele"]
[Result "0-1"]
[WhiteElo "1685"]
[BlackElo "1869"]
[Annotator "Gabriele Ballarin"]
[PlyCount "66"]
[EventDate "2013.01.25"]
[EventType "swiss"]
[EventRounds "5"]
[EventCountry "ITA"]

1. e4 d6 2. d4 Nf6 3. Nc3 e5 4. f3 Be7 5. Be3 c6 6. Qd2 Nbd7 7. g4 Nf8 8. Nge2 b6 9. Ng3 g6 10. Be2 Qc7 11. dxe5 dxe5 12. O-O-O Ne6 13. h4 Bb7 14. g5 Nd7 15. h5 O-O-O 16. Bc4 Ndc5 17. Qf2 Bxg5 18. Bxg5 Nxg5 19. Nf1 Nce6 20. Ne3 Nf4 21. hxg6 fxg6 22. Qg3 Qe7 23. Ng4 h5 24. Ne3 Rxd1+ 25. Rxd1 Kc7 26. Qh4 Re8 27. Rf1 Nge6 28. Qh2 Qg5 29. Rg1 Qh6 30. Kb1 Nd4 31. Qg3 b5 32. Bf7 Re7 33. Bxg6 Nxg6 0-1

[Event "73. C.to Provinciale VE"]
[Site "Venezia Campalto ITA"]
[Date "2013.01.25"]
[Round "1.2"]
[White "Cesaro, Giuliano"]
[Black "Guidobene, Davide"]
[Result "1-0"]
[WhiteElo "1869"]
[BlackElo "1530"]
[Annotator "Gabriele Ballarin"]
[PlyCount "113"]
[EventDate "2013.01.25"]
[EventType "swiss"]
[EventRounds "5"]
[EventCountry "ITA"]
[SourceTitle "E-Mail 2000"]
[Source "ChessBase"]
[SourceDate "2000.04.19"]
[SourceVersion "1"]
[SourceVersionDate "2000.04.19"]
[SourceQuality "1"]

1. d4 Nf6 2. Nf3 e6 3. g3 c5 4. Bg2 cxd4 5. Nxd4 d5 6. O-O Bc5 7. Nb3 Bb6 8. a4 a5 9. Nc3 O-O 10. Bg5 h6 11. Bf4 Nc6 12. Nb5 e5 13. Bd2 Be6 14. Qe1 Qe7 15. Rc1 Rfd8 16. h3 Qd7 17. Kh2 Ne4 18. Rd1 Nxd2 19. Rxd2 f6 20. Qd1 Qf7 21. e3 Nb4 22. Na1 Rac8 23. c3 Nc6 24. Nc2 e4 25. Ncd4 Ne5 26. Nxe6 Qxe6 27. Nd4 Qf7 28. Qb3 Nc4 29. Rdd1 Rc5 30. Rfe1 Re8 31. Bf1 Ba7 32. Qa2 Ne5 33. Be2 Rec8 34. Nb3 R5c6 35. Nxa5 Rb6 36. Qa3 Nc4 37. Nxc4 dxc4 38. Rd2 Rb3 39. Qd6 Bc5 40. Qf4 f5 41. Red1 Qe6 42. Rd8+ Rxd8 43. Rxd8+ Kh7 44. Bxc4 Qf6 45. Bxb3 Bxe3 46. fxe3 Qxd8 47. Qxf5+ Kh8 48. Qxe4 Qf8 49. Qd5 Qf2+ 50. Qg2 Qxe3 51. Qxb7 Kh7 52. Bc2+ Kg8 53. Qc8+ Kf7 54. Qf5+ Kg8 55. Bb3+ Kh8 56. Qf8+ Kh7 57. Bc2+ 1-0

[Event "73. C.to Provinciale VE"]
[Site "Venezia Campalto ITA"]
[Date "2013.01.25"]
[Round "1.3"]
[White "Agostini, Irene"]
[Black "Zangrando, Gianpietro"]
[Result "0-1"]
[WhiteElo "1440"]
[BlackElo "1787"]
[Annotator "Gabriele Ballarin"]
[PlyCount "42"]
[EventDate "2013.01.25"]
[EventType "swiss"]
[EventRounds "5"]
[EventCountry "ITA"]
[SourceTitle "E-Mail 2000"]
[Source "ChessBase"]
[SourceDate "2000.04.19"]
[SourceVersion "1"]
[SourceVersionDate "2000.04.19"]
[SourceQuality "1"]

1. e4 e6 2. Nc3 d5 3. Nf3 d4 4. Nb5 Nc6 5. Bc4 a6 6. Na3 Nf6 7. Bd3 Bxa3 8. bxa3 e5 9. O-O O-O 10. h3 Nd7 11. a4 Re8 12. Ba3 Nb6 13. c4 Be6 14. Qc2 Qf6 15. Be2 d3 16. Bxd3 Bxh3 17. gxh3 Qxf3 18. h4 Re6 19. Rfe1 Nd4 20. Qd1 Rg6+ 21. Kf1 Qg2# 0-1

[Event "73. C.to Provinciale VE"]
[Site "Venezia Campalto ITA"]
[Date "2013.01.25"]
[Round "1.4"]
[White "Loris, Stefano"]
[Black "Loris, Lorenzo"]
[Result "1-0"]
[WhiteElo "1710"]
[BlackElo "1440"]
[Annotator "Gabriele Ballarin"]
[PlyCount "98"]
[EventDate "2013.01.25"]
[EventType "swiss"]
[EventRounds "5"]
[EventCountry "ITA"]
[SourceTitle "E-Mail 2000"]
[Source "ChessBase"]
[SourceDate "2000.04.19"]
[SourceVersion "1"]
[SourceVersionDate "2000.04.19"]
[SourceQuality "1"]

1. d4 d5 2. c4 e6 3. Bf4 Nc6 4. e3 g5 5. Bg3 Nf6 6. Bd3 Bd7 7. Nc3 e5 8. dxe5 Ne4 9. Bxe4 dxe4 10. Qc2 f5 11. Nge2 Nb4 12. Qd2 Be6 13. Qxd8+ Rxd8 14. O-O Rd2 15. a3 Nc2 16. Rad1 Rd3 17. Nd5 Bg7 18. Nc1 Rxd1 19. Rxd1 O-O 20. Nb3 Rd8 21. Ne7+ Kf7 22. Rxd8 Kxe7 23. Rd1 Bxc4 24. Nd4 Nxd4 25. Rxd4 Bb3 26. Rb4 Bd5 27. Rd4 Ke6 28. b4 Bh6 29. f4 exf3 30. gxf3 Bxf3 31. Kf2 Bd5 32. h4 gxh4 33. Rxh4 Bg5 34. Rxh7 Bd8 35. Rh6+ Ke7 36. Bh4+ Kd7 37. Bxd8 Kxd8 38. Rh7 b6 39. Rg7 c5 40. bxc5 bxc5 41. Rxa7 c4 42. Ke2 Ke8 43. a4 Kd8 44. a5 Kc8 45. Kd2 Kb8 46. Rh7 Be4 47. e6 f4 48. Rh8+ Ka7 49. exf4 Ka6 1-0

[Event "73. C.to Provinciale VE"]
[Site "Venezia Campalto ITA"]
[Date "2013.01.26"]
[Round "2.1"]
[White "Ballarin, Gabriele"]
[Black "Loris, Stefano"]
[Result "1-0"]
[WhiteElo "1869"]
[BlackElo "1710"]
[Annotator "Gabriele Ballarin"]
[PlyCount "41"]
[EventDate "2013.01.25"]
[EventType "swiss"]
[EventRounds "5"]
[EventCountry "ITA"]
[SourceTitle "E-Mail 2000"]
[Source "ChessBase"]
[SourceDate "2000.04.19"]
[SourceVersion "1"]
[SourceVersionDate "2000.04.19"]
[SourceQuality "1"]

1. e4 d5 2. exd5 Qxd5 3. Nc3 Qa5 4. Nf3 Nf6 5. Bc4 Bf5 6. d3 e6 7. Bd2 c6 8. Nd5 Qd8 9. Nxf6+ Qxf6 10. Bc3 Qd8 11. a4 Nd7 12. Qe2 Be7 13. O-O O-O 14. b4 Bf6 15. Ne5 Nxe5 16. Bxe5 Bxe5 17. Qxe5 Qe7 18. c3 Rfd8 19. d4 Rd6 20. Rfe1 Rad8 21. Qxf5 1-0

[Event "73. C.to Provinciale VE"]
[Site "Venezia Campalto ITA"]
[Date "2013.01.26"]
[Round "2.2"]
[White "Zangrando, Gianpietro"]
[Black "Cesaro, Giuliano"]
[Result "1-0"]
[WhiteElo "1787"]
[BlackElo "1869"]
[Annotator "Gabriele Ballarin"]
[PlyCount "87"]
[EventDate "2013.01.25"]
[EventType "swiss"]
[EventRounds "5"]
[EventCountry "ITA"]
[SourceTitle "E-Mail 2000"]
[Source "ChessBase"]
[SourceDate "2000.04.19"]
[SourceVersion "1"]
[SourceVersionDate "2000.04.19"]
[SourceQuality "1"]

1. Nf3 d5 2. d4 Nf6 3. c4 c6 4. Nc3 e6 5. g3 Nbd7 6. Bg2 Bd6 7. O-O O-O 8. Qc2 Re8 9. e4 dxe4 10. Nxe4 Nxe4 11. Qxe4 Nf6 12. Qd3 h6 13. Rd1 a5 14. Ne5 Qc7 15. Qe2 Bxe5 16. dxe5 Nd7 17. f4 Ra6 18. Be3 c5 19. Qf2 a4 20. Rd3 Rb6 21. b3 axb3 22. axb3 Ra6 23. Rad1 Ra3 24. Qd2 Nf8 25. Qf2 b6 26. Qf3 Ra7 27. Qc6 Re7 28. Rd8 Bb7 29. Qxc7 Rxc7 30. R8d6 Bxg2 31. Kxg2 Rd7 32. Kf3 Rxd6 33. exd6 Nd7 34. h4 Ra3 35. Rb1 f5 36. Bd2 Kf7 37. h5 e5 38. Bc3 e4+ 39. Ke3 g5 40. hxg6+ Kxg6 41. g4 Kf7 42. g5 Nf8 43. Bf6 Nh7 44. Rb2 1-0

[Event "73. C.to Provinciale VE"]
[Site "Venezia Campalto ITA"]
[Date "2013.01.26"]
[Round "2.3"]
[White "Pomponio, Stefano"]
[Black "Ballarin, Pietro"]
[Result "0-1"]
[WhiteElo "1517"]
[BlackElo "1685"]
[Annotator "Gabriele Ballarin"]
[PlyCount "84"]
[EventDate "2013.01.25"]
[EventType "swiss"]
[EventRounds "5"]
[EventCountry "ITA"]
[SourceTitle "E-Mail 2000"]
[Source "ChessBase"]
[SourceDate "2000.04.19"]
[SourceVersion "1"]
[SourceVersionDate "2000.04.19"]
[SourceQuality "1"]

1. e4 e5 2. Nf3 Nc6 3. d4 exd4 4. Nxd4 Bc5 5. Be3 Qf6 6. c3 Nge7 7. Be2 d5 8. Nxc6 Bxe3 9. fxe3 bxc6 10. exd5 Qh4+ 11. g3 Qe4 12. Rf1 Nxd5 13. Nd2 Qxe3 14. Qc2 O-O 15. O-O-O Qxe2 16. Qa4 Qb5 17. Qd4 Qb6 18. Nc4 Qxd4 19. Rxd4 Ba6 20. b3 Bxc4 21. bxc4 Nf6 22. Re1 Rfe8 23. Red1 h6 24. R1d2 Rab8 25. h3 Re3 26. R2d3 Rxd3 27. Rxd3 a5 28. Re3 Kf8 29. Kc2 a4 30. Re5 a3 31. Rc5 Rb6 32. Ra5 Rb2+ 33. Kc1 Rxa2 34. Kb1 Rg2 35. Rxa3 Rxg3 36. Kb2 Ne4 37. Ra7 Rxc3 38. Rxc7 Rxc4 39. Kb3 Rc1 40. Rc8+ Ke7 41. Rc7+ Kd6 42. Kb2 Rc5 0-1

[Event "73. C.to Provinciale VE"]
[Site "Venezia Campalto ITA"]
[Date "2013.01.26"]
[Round "2.4"]
[White "Guidobene, Davide"]
[Black "Agostini, Irene"]
[Result "1-0"]
[WhiteElo "1530"]
[BlackElo "1440"]
[Annotator "Gabriele Ballarin"]
[PlyCount "73"]
[EventDate "2013.01.25"]
[EventType "swiss"]
[EventRounds "5"]
[EventCountry "ITA"]
[SourceTitle "E-Mail 2000"]
[Source "ChessBase"]
[SourceDate "2000.04.19"]
[SourceVersion "1"]
[SourceVersionDate "2000.04.19"]
[SourceQuality "1"]

1. d4 e6 2. e4 Nf6 3. Nc3 Nc6 4. Bg5 Be7 5. Nf3 a6 6. Bd3 d6 7. a3 e5 8. Bc4 O-O 9. Qd2 Be6 10. d5 Bxd5 11. exd5 Na5 12. Ba2 b5 13. O-O Qd7 14. Rfe1 Nb7 15. Ne4 Qd8 16. Nxf6+ Bxf6 17. Bxf6 Qxf6 18. Qg5 Qxg5 19. Nxg5 h6 20. Ne4 a5 21. b4 Ra6 22. Nc3 c6 23. dxc6 Rxc6 24. Nxb5 Rxc2 25. bxa5 Rd8 26. a6 Nc5 27. a7 Nd3 28. Red1 Nxf2 29. Rxd6 Rdc8 30. Bd5 e4 31. Bb7 Re8 32. a8=Q Rxa8 33. Bxa8 e3 34. Rdd1 Ng4 35. Rd8+ Kh7 36. Be4+ g6 37. Bxc2 1-0